000 00286nam a2200121 4500
999 _c534171
_d534171
040 _cDLC
082 _a910.4
_bTAR
100 _aTarar, Mustansar Hussain
_93135
245 _aYaak Sarai / یاک سرائے
260 _aLahore
_bSang-e-Meel
_c2004
300 _a448;p
942 _2ddc
_cBK